Phloem transport (Record no. 26736)

MARC details
000 -LEADER
fixed length control field 00578nam a2200229Ia 4500
082 ## - DEWEY DECIMAL CLASSIFICATION NUMBER
Classification number 581.824.2
Item number ARO
245 #0 - TITLE STATEMENT
Title Phloem transport
260 ## - PUBLICATION, DISTRIBUTION, ETC. (IMPRINT)
Place of publication New York
Name of publisher Plenum
Year of publication 1975
650 ## - SUBJECT ADDED ENTRY--TOPICAL TERM
Topical Term Anatomy
650 ## - SUBJECT ADDED ENTRY--TOPICAL TERM
Topical Term Biodirectional transport
650 ## - SUBJECT ADDED ENTRY--TOPICAL TERM
Topical Term Biophysics
650 ## - SUBJECT ADDED ENTRY--TOPICAL TERM
Topical Term Electron-osmotic theory
650 ## - SUBJECT ADDED ENTRY--TOPICAL TERM
Topical Term Munch hypothesis
650 ## - SUBJECT ADDED ENTRY--TOPICAL TERM
Topical Term Phloem protein
650 ## - SUBJECT ADDED ENTRY--TOPICAL TERM
Topical Term Phloem tissue
650 ## - SUBJECT ADDED ENTRY--TOPICAL TERM
Topical Term Phloem transport
650 ## - SUBJECT ADDED ENTRY--TOPICAL TERM
Topical Term Science element
650 ## - SUBJECT ADDED ENTRY--TOPICAL TERM
Topical Term Translocation
700 ## - ADDED ENTRY--PERSONAL NAME
Personal name ARONOFF, S
942 ## - ADDED ENTRY ELEMENTS (KOHA)
Koha item type Books
Holdings
Withdrawn status Lost status Damaged status Not for loan Home library Current library Date acquired Full call number Accession Number Koha item type
        RRII Library RRII Library 16/12/2021 581.824.2 ARO 07368 Books